=LDR 00000nam 2200000 4500 =001 INLIS000000000026881 =005 20130612125311 =008 ***********************************Ind** =035 ##$$0010-061300000026881 =041 ##$$a Ind =082 ##$$a 421.52 =090 ##$$a 421.52, Juw s =100 ##$$a Juwandono, P. Istiarto =245 ##$$a Strategi membaca bahasa inggris, oleh P. Istiarto Djiwndono =260 ##$$a 2002 $b Jakarta =300 ##$$a x, 126 hlm, 20 cm =650 ##$$a Bahasa Inggris-Ucapan =850 ##$$a NBPNMAT =990 ##$$a 2090100445/BPAP-NTB/2015 =990 ##$$a 2090100733/BPAP-NTB/2015